Estatísticas para Países com mais feriados no mundo

Clique aqui para jogar o quiz

Estatísticas Gerais

  • Esse quiz foi jogado 94 vezes
  • A pontuação média é 3 de 5

Estatísticas das Respostas

Número de FeriadosPaíses% Correto
15Argentina, Chile, Finlândia, Japão
86%
14Indonésia, Malásia, Filipinas, Rússia, Venezuela, Marrocos, Malta, Espanha
84%
18Colômbia, Índia
55%
16Tailândia, Libano, Coreia do Sul
31%
14,5*Turquia
14%

Distribuição das Pontuações

Percentil de Números Respondidos

Porcentagem de Pessoas com Cada Pontuação

Sua Pontuação Histórica

Você não jogou esse quiz